00553nam a2200169 a 450000500170000000800410001702000180005805000260007610000180010224500520012026000450017230000070021744000230022452000710024765000330031865000320035120140412111411.0070214s19uu xx 00 eng d a983-187-232-0 aTR(GS 428.4bM11 2004 aMah, May S.M. aA duck's luck, series 2 book 9 /cMay S.M. Mah. aMalaysia :bRhythm publishing co,c2004. a24 aPhonics in reading aThe pre - reading practice introduces new words before the stories aPhonetics-- English language aReading -- English language